000 00539cam a2200193ua 4500
001 6537
005 20260515114050.0
008 131221n ii |||gr||||Z||||||asm
040 _cMAIN
082 _a338.7
245 _aByabasay Sangathan aru Parichalan :
_bVolume I /
_cBy Anil kumar sarmah .
250 _a1st ed.
260 _aGuwahati:
_bUniversity publication department,
_c1987.
300 _ax,237p.
653 _aCommerce
653 _aByabasay Sangathan aru Parichalan
700 _aSarmah,Anil kumar,
_eAuthor.
942 _cBK
999 _c5681
_d5681